Indovina la canzone di Marracash senza indizi - Statistics

Statistiche generali
  • Questo quiz è stato fatto 71 volte
  • Il punteggio medio è 146 su 380
Statistiche sulle risposte
Risposta % Corretto
i
98%
a
97%
o
88%
e
85%
E
85%
è
85%
la
83%
La
83%
ma
83%
so
83%
Mi
81%
se
80%
Se
80%
di
76%
le
76%
lo
76%
tu
75%
il
71%
Il
71%
per
71%
si
71%
71%
che
69%
da
68%
in
68%
me
64%
Noi
64%
non
64%
Non
64%
ti
63%
Ti
63%
sei
59%
sonno
58%
un
58%
Sono
56%
sono
56%
su
56%
al
54%
ha
53%
chi
47%
po'
47%
una
46%
hai
44%
ho
44%
C'è
42%
c'è
42%
come
42%
Siamo
41%
siamo
41%
uno
41%
sta
39%
più
37%
Più
37%
quando
37%
cosa
36%
mio
36%
sai
36%
lui
34%
della
32%
quelli
29%
Quelli
29%
qui
29%
sul
29%
ad
27%
male
27%
cazzo
25%
fondo
25%
nei
25%
nella
25%
pensano
25%
ten
25%
droga
24%
facciamo?
24%
già
24%
miei
24%
Oh
24%
senti
24%
Tuo
24%
vado
24%
Adesso
22%
bene
22%
morti
22%
altro
20%
ancora
20%
fuori
20%
mano
20%
Marracash
20%
nelle
20%
pensare
20%
Pensavo
20%
sento
20%
trovarti
20%
anche
19%
benpensano
19%
passati
19%
pezzo
19%
ragione
19%
scavo
19%
tipo
19%
Vedo
19%
video
19%
vota
19%
così
17%
donna
17%
Manda
17%
manda
17%
naturale
17%
serio
17%
sperano
17%
Thurman
17%
top
17%
turba
17%
Uma
17%
viene
17%
algoritmo
15%
all'amo
15%
capisco
15%
col
15%
foto
15%
Lega
15%
leggi
15%
mena
15%
musica
15%
penso
15%
roba?
15%
sanno
15%
server
15%
social
15%
tendenze
15%
Toglietegli
15%
toglietegli
15%
vengono
15%
vino
15%
yo
15%
anch'io
14%
Beach
14%
beve
14%
brand
14%
cui
14%
dati
14%
gente
14%
giornale
14%
hoc
14%
informato
14%
mondo
14%
obeso
14%
postato
14%
presa
14%
sembra
14%
sensibili
14%
visto
14%
youtubba
14%
Aspettando
12%
Aumma
12%
avrai
12%
Cannavacciuolo
12%
comprare
12%
davvero
12%
Di Caprio
12%
figlio
12%
gara
12%
Ibiza
12%
L'era
12%
Mandami
12%
rete
12%
Salvini
12%
senso
12%
serena
12%
spot
12%
The
12%
votare
12%
abbuffa
10%
adulti
10%
Cincinnati
10%
contesti
10%
culla
10%
darla
10%
Estate
10%
esulta
10%
forte
10%
L'ignoranza
10%
Salve
10%
spiaggia
10%
superato
10%
Suvvia
10%
testi
10%
Tocca
10%
Truman
10%
vaccinati
10%
vengano
10%
bandiera
8%
cadendo
8%
citi
8%
guidarmi
8%
infinita
8%
innocua
8%
l'ho
8%
l'ultima
8%
nascosto
8%
sbagliano
8%
Stiamo
8%
sventolata
8%
Tipe
8%
Vogliamo
8%
Alzi
7%
bacini
7%
beat
7%
dischi
7%
pizza
7%
posti
7%
privi
7%
rubato
7%
tornato
7%
Battisti?
5%
Keanu
5%
Lucio
5%
mercato
5%
nell'indie
5%
pensato
5%
Reeves
5%
sbocciamo
5%
streaming
5%
Terrapiattisti
5%
trovo
5%
bimbi
3%
faccina
3%
fischi
3%
piovono
3%
Trappano
3%
Volano
3%
Nessun quiz corrispondente trovato
Distribuzione punteggi
Percentuale di utenti per punteggio
Percentile per numero di risposta
I tuoi punteggi nel tempo
Non hai fatto questo quiz